Films par citation - Statistiques

Statistiques générales
  • Ce quiz a été pris 2 368 fois
  • Le résultat moyen est 4 sur 18
Statistiques - réponses
Hint Réponse % Correct
Maman disait toujours, la vie c'est comme une boite de chocolat. On ne sait jamais sur quoi on va tomber. Forrest Gump
75%
Tu vois le monde se divise en deux catégories : ceux qui ont un pistolet chargé et ceux qui creusent. Le bon, la brute et le truand
55%
Ô capitaine ! Mon capitaine ! Le cercle des poètes disparus
43%
Je n'étais pas le meilleur parce que je tuais plus vite. J'étais le meilleur parce que la foule m'aimais. Gagne la foule, et tu gagnera ta liberté. Gladiator
37%
- Pierre mais, et pourquoi vous m'appelez toujours Pierre? - C'est bien votre nom, Pierre Cardin. C'est marqué partout sur vos sous vêtements. Retour vers le futur
37%
Ce crayon je vais le faire disparaitre... Tadaaa, il a disparu. Batman the dark knight
30%
Il y avait moi, c'est à dire Alex et mes trois Droogys. C'est à dire Pete, Georgie et Dim. Orange Mecanique
20%
Peuple de DuLoc, nous avons notre champion ! Shrek
20%
Une personne de plus. Une personne Stern, pour ça, j'aurai pu sauver une personne de plus... Et je ne l'ai pas fais, je ne l'ai pas fait... La liste de Schindler
18%
- Je vous en prie, je suis polonais. - Il est polonais. Oui, il est polonais. - Pourquoi ce foutu manteau? - J'ai froid.... Le pianiste
17%
Une larme de gin, une larme. Une rivière de tonic. Et ensuite, la petite victime, composée d'une petite olive, d'un petit morceau de sucre et d'un petit bout de ficelle, et nous avons, le petit Gregory. C'est arrivé près de chez vous
15%
Je suis le maître de mon destin, je suis le capitaine de mon âme. Invictus
9%
Moi je fais confiance qu'en mon manche et en ma parole. Elle, elle est ferme, l'autre est d'acier. Scarface
8%
- Ce qui n'était au départ qu'une simple expérience, risque de m'emmener au seuil d'une monumentale découverte. D'abord, si je joue une gamme chromatique, il n'y a pas de réponse qu'on puisse calculer. - Vous savez que ce que vous avalez est utilisé pour les chirurgies oculaires?! Sherlock Holmes
5%
Dave, mon cerveau se vide. Je le sent se vider. 2001 l'odyssée de l'espace
4%
Soudain, il y eut un énorme grondement autour de nous, et le ciel fut rempli de ce qui semblait être d'énormes chauves souris qui voltigeaient, criaient et voltaient autour de la voiture, et une voix a crié : "Doux Jésus c'est quoi ces putains de bestioles !" Las Vegas Parano
3%
- Viens près de moi, futur monsieur oui. - Non sans façon je suis seulement auditeur libre. Yesman
3%
Le magnum on l'utilise en Afrique pour tuer les éléphants. Le 38, ça c'est vraiment une belle arme. Taxi driver
2%
Aucun quiz correspondant
Distribution des résultats
% des personnes avec chaque résultat
Percentile par nombre de réponses
Votre historique - résultats
Vous n’avez pas pris ce quiz